000 00981nam a2200301Ia 4500
003 OSt
005 20221007123049.0
006 a|||||r|||| 00| 0
007 ta
008 221006b |||||||| |||| 00| 0 eng d
020 _a9781107189614 (hbk)
024 _a199049
037 _b4699, 16/02/2018, Ashutosh Technical Books
_cTextual
040 _aPAPL
_cPAPL
_beng
041 _2eng
_aeng
082 _aCN1:(B7:13), Q7 Carpa
100 _aFranklin Joel
_9714873
245 0 _aClassical field theory
260 _aNew
_bYork Cambridge University Press
_c2017
300 _axi, 206p. ill.
_ccm.
500 _aAppendix A-C 136-198p.; References 199-200p.; Index 201-206p.
650 _a Feild lagrangians
_9716247
650 _a Gravity
650 _a Point particle fields
_9716248
650 _aPhysics
942 _hCN1:(B7:13), Q7 Carpa
_cTEXL
_2CC
999 _c1211315
_d1211315